000 00491nam a2200169Ia 4500
999 _c575
_d575
003 OSt
005 20210910100323.0
008 190216s9999||||xx |||||||||||||| ||und||
040 _coclc
082 _a892.7
_bALN/T
100 _aAl Nadvi, Wadil Rashid
_98723
245 0 _aThareeq Al Adab Al Arabi /
_c Wadil Rashid Al Nadvi
260 _bAl Sahafa Wa Nashr Publishers,
_aLucknow:
300 _a194p
650 _aArabic
942 _cBK
_2ddc
_h892.7
_iALN/T
_k892.7
_mALN/T